Normal view
MARC view
- Zetland, Lawrence John Lumley Dundas
Entry Personal Name
001 - CONTROL NUMBER
- control field: 50433
003 - CONTROL NUMBER IDENTIFIER
- control field: NUST
005 - DATE AND TIME OF LATEST TRANSACTION
- control field: 20210314134630.0
008 - FIXED-LENGTH DATA ELEMENTS
- fixed length control field: 210314|| aca||aabn | a|a d
040 ## - CATALOGING SOURCE
- Original cataloging agency: NUST
- Transcribing agency: NUST
100 ## - HEADING--PERSONAL NAME
- Personal name: Zetland, Lawrence John Lumley Dundas
670 ## - SOURCE DATA FOUND
- Source citation: Work cat.: (NUST): Zetland, Lawrence John Lumley Dundas,, Sport and politics under an eastern sky, 1902.
